000 00263nam a22001217a 4500
008 170418b xxu||||| |||| 00| 0 eng d
041 _aeng
080 _210 ED
_a579
100 _a10ED
101 _aSHM
245 _aMICROBIOLOGY
_cTORTOTA.F.C
942 _2udc
_cBK
999 _c11039
_d11039